000 00382nam a2200133Ia 4500
008 151001s9999||||xx |||||||||||||| ||und||
100 _aभीमराज शर्मा
245 _aआत्मविश्र्वास और सफल
250 _a1
260 _bविनय पब्लिकेशन
260 _c2008
300 _a132
365 _b21
999 _c995239
_d995236